|
|
|
|
| LEADER |
01040naa a2200241 i 4500 |
| 001 |
acta76188 |
| 005 |
20221108134837.0 |
| 008 |
220711s2021 hu o 1|| eng d |
| 020 |
|
|
|a 978-963-306-790-1
|
| 040 |
|
|
|a SZTE Egyetemi Kiadványok Repozitórium
|b hun
|
| 041 |
|
|
|a eng
|
| 100 |
1 |
|
|a Dobozi Réka
|
| 245 |
1 |
0 |
|a Dielectric measurements for monitoring dairy technology processes
|h [elektronikus dokumentum] /
|c Dobozi Réka
|
| 260 |
|
|
|a University of Szeged Faculty of Agriculture
|b Hódmezővásárhely
|c 2021
|
| 300 |
|
|
|a 26
|
| 490 |
0 |
|
|a Wellmann International Scientific Conference
|
| 650 |
|
4 |
|a Műszaki és technológiai tudományok
|
| 650 |
|
4 |
|a Egyéb műszaki tudományok és technológiák
|
| 695 |
|
|
|a Dielektromos állandó - mérés - előadáskivonat, Tejipar - előadáskivonat
|
| 700 |
0 |
1 |
|a Beszédes Sándor
|e aut
|
| 700 |
0 |
1 |
|a Csanádi József
|e aut
|
| 710 |
|
|
|a Wellmann International Scientific Conference (18.) (2021)
|
| 856 |
4 |
0 |
|u http://acta.bibl.u-szeged.hu/76188/1/wellmann_abstracts_2021_026.pdf
|z Dokumentum-elérés
|